000
00299nam a2200121 a 4500
005
20140414131900.0
008
100916s19uu xx 00 eng d
050
_a
FIC
_b
Al1 1987
100
_a
Alcott, Louisa May
245
_a
Little women.
260
_a
England :
_b
Longman,
_c
1987.
999
_c
110638
_d
110638